[Event "World Team-ch 2017"]
[Site "Khanty-Mansyisk"]
[Date "2017.06.20"]
[Round "4"]
[White "Areshchenko, Alexander"]
[Black "Urkedal, Frode"]
[Result "1/2-1/2"]
[WhiteElo "2652"]
[BlackElo "2541"]
[Annotator "TA"]
[PlyCount "80"]
[EventDate "2017.??.??"]
[EventType "team-tourn"]
[EventCountry "RUS"]
[SourceTitle "playchess.com"]
[Source "ChessBase"]
[SourceQuality "1"]
[WhiteTeam "UKR"]
[BlackTeam "NOR"]
[WhiteTeamCountry "UKR"]
[BlackTeamCountry "NOR"]

{[%evp 17,80,7,13,10,9,17,12,13,13,22,31,3,11,6,48,10,16,-12,-9,-7,13,0,14,14,52,0,0,0,10,-8,27,38,57,25,27,0,0,-45,-47,-27,0,0,0,0,0,0,0,0,0,0,0,0,0,0,0,0,0,0,0,0,0,0,0,0,0]} 1. e4 e5 2. Nf3 Nc6 3. Bb5 a6 4. Ba4 Nf6 5. O-O Be7 6. Re1 b5 7. Bb3 O-O 8. c3 d5 9. d4 exd4 10. e5 {C89: Closed Ruy Lopez: Marshall Attack} Ne4 11. cxd4 Bg4 (11... Bf5 12. Nc3 Nxc3 13. bxc3 Qd7 14. Bg5 Ba3 15. Nh4 Be6 16. Bc2 g6 17. Bf6 Rfe8 {1-0 (30) Mastrovasilis,D (2580)-Sargissian,G (2650) Minsk 2017}) 12. Nc3 Nxc3 (12... Bxf3 $5 13. gxf3 Nxc3 14. bxc3 Na5 $11) 13. bxc3 Qd7 14. h3 Bh5 15. Bc2 Rae8 16. Bf4 Nd8 17. Qd3 $146 {[%csl Gc2][%cal Rd3h7] [#]} ({Predecessor:} 17. g4 Bg6 18. Bg3 c5 19. a4 Bxc2 20. Qxc2 Ne6 {½-½ (21) Parkanyi,A (2407)-Siklosi,Z (2375) Hungary 2005}) 17... Bg6 18. Qd2 Ne6 {Threatens to win with ...Bxc2.} 19. Bxg6 fxg6 20. Be3 Rf5 21. Rf1 Ref8 22. Ne1 c5 23. dxc5 Rxe5 24. Nd3 Rh5 25. Rad1 Qc8 {[%cal Re7c5]} 26. Qe2 Bxc5 27. Bxc5 Nxc5 28. Nxc5 {[#] And now Qe6+ would win.} Qxc5 29. Qe6+ {The position is equal.} Kh8 30. Qxa6 Rhf5 {[%cal Rf5f2]} 31. Kh1 g5 32. Rb1 Rxf2 33. Rxf2 Qxf2 34. Qxb5 Qxa2 $11 {[%mdl 4096] Endgame KQR-KQR} 35. Rd1 Qf2 (35... h6 {is interesting.} 36. Qxd5 Qe2 37. c4 Rf4 38. Rc1 g4) 36. Qxd5 g4 37. hxg4 Qh4+ 38. Kg1 Qf2+ 39. Kh1 Qh4+ 40. Kg1 Qf2+ {Precision: White = 54%, Black = 57%.} 1/2-1/2

[Event "World Team-ch 2017"]
[Site "Khanty-Mansyisk"]
[Date "2017.06.20"]
[Round "4"]
[White "Bartel, Mateusz"]
[Black "Can, Emre"]
[Result "0-1"]
[WhiteElo "2637"]
[BlackElo "2589"]
[Annotator "TA"]
[PlyCount "134"]
[EventDate "2017.??.??"]
[EventType "team-tourn"]
[EventCountry "RUS"]
[SourceTitle "playchess.com"]
[Source "ChessBase"]
[SourceQuality "1"]
[WhiteTeam "POL"]
[BlackTeam "TUR"]
[WhiteTeamCountry "POL"]
[BlackTeamCountry "TUR"]

{[%evp 23,134,-14,-14,-49,-28,-20,48,41,48,48,80,0,0,0,0,0,0,0,20,-23,-21,-21,-11,-40,-4,-23,-13,-43,-38,-69,-70,-72,-71,-94,-66,-67,-68,-143,-131,-143,-147,-243,-186,-191,-170,-177,-187,-183,-164,-176,-142,-155,-166,-155,-155,-155,-154,-146,-156,-160,-142,-144,-127,-150,-110,-131,-76,-76,-76,-76,-76,-98,-98,-127,-127,-288,-255,-306,-306,-306,-286,-242,-183,-183,-183,-183,-179,-402,-146,-138,-19,-139,0,-114,0,-139,-129,-1306,-1228,-1242,-1134,-5544,-5114,-6091,-6091,-6091,-5504,-6091,-6091,-5185,-5081,-6091,-6091]} 1. e4 c5 2. Nf3 d6 3. Nc3 Nc6 4. Bb5 Bd7 5. Bxc6 Bxc6 6. d4 cxd4 7. Qxd4 Nf6 8. Bg5 e6 9. O-O-O Be7 10. Qd3 Qa5 11. Kb1 O-O {B53: Sicilian: 2...d6: Lines with Qxd4} 12. h4 (12. Rhe1 Rfd8 13. Qd2 Qc7 14. Nd4 Be8 15. f3 a6 16. g4 b5 17. Nce2 Rac8 18. Ng3 a5 19. Rg1 Kh8 20. Nh5 Ng8 21. Bxe7 Nxe7 {0-1 (37) Bauer,C (2630)-Stojanovic,M (2509) Switzerland 2017}) 12... h6 {LiveBook: 14 Games} 13. Rh3 Rfd8 {Black is slightly better.} ({Much weaker is} 13... hxg5 $6 14. hxg5 Rfd8 15. gxf6 $14) 14. Nd4 $146 ({Predecessor:} 14. Bd2 Qa6 15. Nd4 Qxd3 16. cxd3 Bd7 17. f3 Bf8 18. g4 g6 19. Nde2 {1-0 (44) Fecke,A (2200)-Schiffer,K (2316) Germany 2005}) 14... Bd7 (14... hxg5 $11 15. hxg5 Qxg5) 15. f4 $14 Rac8 {[#]} 16. g4 $1 {[%mdl 512]} Qa6 (16... Nxg4 17. Bxe7) 17. Qxa6 (17. Qg3 $16) 17... bxa6 $11 18. Bxf6 Bxf6 19. Nde2 Be7 20. g5 g6 21. Rhd3 hxg5 22. hxg5 Kg7 23. Ng3 Bb5 24. Rf3 Bc6 25. Rdf1 Rh8 26. Nce2 Rh2 27. Nd4 Bb5 28. R1f2 Rxf2 (28... Rch8 {seems wilder.} 29. Rxh2 Rxh2 30. a4 Bd7 31. Rb3 Bxa4 32. Rb7 Kf8) 29. Rxf2 Rh8 30. a4 (30. f5 $15 exf5 31. exf5 Bxg5 32. fxg6) 30... Bd7 $17 31. Nf3 Rh3 32. Rg2 (32. Ne2 $17 {is a better defense.}) 32... Bc6 33. Nd4 Bb7 34. Nde2 e5 35. f5 Bxg5 36. fxg6 fxg6 37. Nf5+ gxf5 38. Rxg5+ {[%mdl 4096] Endgame KRB-KRN} Kf6 ({Don't take} 38... Kh6 39. Rxf5 Kg6 40. Rf2 $15) 39. Rxf5+ Ke6 40. Rf2 Bxe4 41. Kc1 a5 42. Kd2 d5 43. Nc1 Bf5 {...e4 is the strong threat.} 44. Nd3 Bxd3 (44... Rh7 $142 45. c3 Kf6) 45. cxd3 {KR-KR} Rh4 46. b3 Rh3 47. Rg2 Kd6 $1 48. Re2 Rh5 49. Rg2 $2 (49. Kc3 $17 {might work better.}) 49... Kc5 $1 $19 {[%cal Rc5b4]} 50. Rg4 Rh2+ 51. Kc1 Rf2 52. Rh4 Rf4 53. Rh2 {[#]} Kd4 $1 {[%cal Rd4d3]} 54. Kc2 Ke3 {Strongly threatening ...Rf2+.} 55. Kc3 $2 (55. Rh5) 55... Rf1 $2 (55... Rf6 $19 {is more deadly. aiming for ...Rc6+.} 56. Rh3+ Rf3) 56. Rh3+ $17 {[#]} Ke2 (56... Rf3 $1 $17 {[%cal Rf3h3]} 57. Rh5 e4 58. dxe4 dxe4) 57. Rh2+ (57. Rh5 $1 $11 d4+ 58. Kc2) 57... Ke3 58. Rh3+ Ke2 59. Rh2+ Rf2 60. Rh5 $2 {[%mdl 8192]} (60. Rh4 $17) 60... d4+ $19 {Black is clearly winning.} 61. Kc4 {[#]} e4 $1 {[%cal Re4d3,Be5e4,Be4e3,Be3e2][%mdl 544]} 62. Rh3 (62. dxe4 d3) 62... e3 63. Kxd4 Rf3 64. Rh2+ Kd1 65. Ke4 Rf2 66. Rh1+ Kd2 67. Ra1 e2 {Precision: White = 45%, Black = 61%.} 0-1

[Event "World Team-ch 2017"]
[Site "Khanty-Mansyisk"]
[Date "2017.06.20"]
[Round "4"]
[White "Zhigalko, Sergei"]
[Black "Svidler, Peter"]
[Result "1/2-1/2"]
[WhiteElo "2635"]
[BlackElo "2756"]
[Annotator "TA"]
[PlyCount "84"]
[EventDate "2017.??.??"]
[EventType "team-tourn"]
[EventCountry "RUS"]
[SourceTitle "playchess.com"]
[Source "ChessBase"]
[SourceQuality "1"]
[WhiteTeam "BLR"]
[BlackTeam "RUS"]
[WhiteTeamCountry "BLR"]
[BlackTeamCountry "RUS"]

{[%evp 21,84,20,11,0,6,0,0,-12,0,-14,-16,-16,0,-7,-7,-7,0,-14,-14,-14,8,-27,-27,-27,-21,-54,-64,-55,-41,-50,-58,-36,-9,-18,0,-20,0,-19,0,0,0,0,0,0,14,0,0,0,77,35,34,31,38,29,28,23,31,32,26,0,33,0,0,0,0]} 1. e4 e5 2. Nf3 Nc6 3. Bb5 {[%cal Bf1b5,Bb5a4,Ba4b3][%mdl 32]} a6 4. Ba4 Nf6 5. O-O Be7 6. d3 b5 7. Bb3 d6 8. a3 {C84: Closed Ruy Lopez: Unusual White 6th moves} Na5 (8... O-O 9. Nc3 Nb8 10. Ne2 Nbd7 11. c3 Bb7 12. Ng3 c5 13. Re1 Rc8 14. Nf5 c4 15. dxc4 Bxe4 16. Nxe7+ Qxe7 17. cxb5 axb5 {1-0 (42) Kramnik,V (2811)-Harikrishna,P (2755) Shamkir 2017}) 9. Ba2 c5 10. Nc3 {[%cal Bb1c3,Bc3e2,Be2g3][%mdl 32]} Be6 11. Bxe6 fxe6 {LiveBook: 3 Games} 12. Ne2 Nc6 13. Ng3 O-O 14. Re1 {[#]} a5 $146 ({Predecessor:} 14... h6 15. c3 Nh7 16. d4 exd4 17. cxd4 cxd4 18. Nxd4 Nxd4 19. Qxd4 {1-0 (40) Swiercz,D (2622)-Mista,A (2597) Poznan 2015}) 15. a4 b4 16. c3 Qd7 17. h3 Bd8 18. Be3 Bb6 19. Qb3 h6 20. Rad1 Rfc8 21. Qa2 Rab8 22. Bc1 Ne7 23. Nh4 c4 24. dxc4 b3 25. Qa3 Bc5 {[%mdl 1024] Black has compensation.} 26. Qa1 Ba7 27. Qa3 Bc5 28. Qa1 Ne8 29. Rd3 Kh7 30. Nf1 Nf6 31. Be3 Nxe4 32. Qd1 Rb6 (32... Qxa4 33. Bxc5 Nxc5 34. Rxd6) 33. Bxc5 (33. Bd4 $5 exd4 34. Rxe4 dxc3 35. Rxc3 $11) 33... Nxc5 {[#]} 34. Rxe5 $1 {[%mdl 512]} Nxa4 (34... Nxd3 $11 {remains equal.} 35. Qxd3+ Kg8) (34... dxe5 35. Rxd7) 35. Qb1 (35. Rb5 $5 Ra6 36. Rg3 $14 (36. Rxb3 Nc5 $15)) 35... Kg8 36. Rxa5 Rxc4 37. Nf3 $36 {[%mdl 2048] Threatens to win with Ne5! White has some pressure.} Rc5 38. Ra8+ Rc8 39. Rxc8+ Qxc8 40. Rd4 Nc5 41. Qd1 Nf5 42. Rb4 Qb7 {Precision: White = 40%, Black = 53%.} 1/2-1/2

[Event "World Team-ch 2017"]
[Site "Khanty-Mansyisk"]
[Date "2017.06.20"]
[Round "4"]
[White "Yilmaz, Mustafa"]
[Black "Duda, Jan-Krzysztof"]
[Result "1/2-1/2"]
[WhiteElo "2630"]
[BlackElo "2697"]
[Annotator "TA"]
[PlyCount "39"]
[EventDate "2017.??.??"]
[EventType "team-tourn"]
[EventCountry "RUS"]
[SourceTitle "playchess.com"]
[Source "ChessBase"]
[SourceQuality "1"]
[WhiteTeam "TUR"]
[BlackTeam "POL"]
[WhiteTeamCountry "TUR"]
[BlackTeamCountry "POL"]

{[%evp 24,39,4,0,48,0,7,-7,-6,-3,6,-15,-15,-18,0,-20,0,-39]} 1. d4 Nf6 2. c4 g6 3. Nc3 d5 4. cxd5 Nxd5 5. e4 Nxc3 6. bxc3 Bg7 7. Qa4+ Nd7 8. Nf3 O-O 9. Be2 c5 10. O-O {D85: Exchange Grünfeld: Unusual White 7th moves and lines with 7 Nf3} cxd4 (10... a6 11. Qa3 Qc7 12. e5 Nb6 13. Qa5 Bf5 14. dxc5 Nd5 15. Qxc7 Nxc7 16. Nd4 Be4 17. f3 Bd5 {½-½ (45) Karpov,A (2624)-Svidler,P (2755) Sochi 2017}) 11. cxd4 Nc5 12. dxc5 Bxa1 13. e5 {LiveBook: 13 Games} Bd7 14. Qh4 $146 {[#] Black must now prevent Rd1.} ({Predecessor:} 14. Qb4 Bc6 15. Bh6 a5 16. Qf4 Bxf3 17. Bxf3 Qd4 18. Qxd4 Bxd4 19. Bxf8 Rxf8 20. Bxb7 Bxc5 {½-½ (26) Livaic,L (2428)-Horvath,J (2528) Zalakaros 2016}) 14... Bc6 $1 {The position is equal.} 15. Bh6 (15. Ng5 {keeps more tension.} h5 16. Rd1 Qc8 17. e6 f6 18. Nf7) 15... Bxf3 16. Bxf3 Qd4 17. Qxd4 Bxd4 18. Bxf8 Rxf8 19. Bxb7 Bxc5 20. Rc1 1/2-1/2

[Event "World Team-ch 2017"]
[Site "Khanty-Mansyisk"]
[Date "2017.06.20"]
[Round "4"]
[White "Tari, Aryan"]
[Black "Korobov, Anton"]
[Result "1/2-1/2"]
[WhiteElo "2593"]
[BlackElo "2711"]
[Annotator "TA"]
[PlyCount "189"]
[EventDate "2017.??.??"]
[EventType "team-tourn"]
[EventCountry "RUS"]
[SourceTitle "playchess.com"]
[Source "ChessBase"]
[SourceQuality "1"]
[WhiteTeam "NOR"]
[BlackTeam "UKR"]
[WhiteTeamCountry "NOR"]
[BlackTeamCountry "UKR"]

{[%evp 18,189,23,30,36,19,31,0,16,-8,-8,-8,-6,-7,0,-8,-3,-4,0,-15,0,0,0,0,6,-11,-6,-8,0,0,0,-2,-2,-13,0,-4,-8,-25,-24,-24,-24,-24,-24,-25,-25,-25,-25,-22,-18,-18,-15,-37,-34,-33,-22,-33,-31,-30,-29,-40,-30,-29,-20,-20,-12,-15,-10,-12,-12,-12,-9,-9,-8,-11,-14,-15,-15,-17,0,0,0,0,0,0,0,0,0,0,-10,-58,-58,-58,-58,-65,-67,-84,-6,-6,-6,-6,-6,-6,-6,-12,-12,-12,-12,-12,-12,-19,-21,-21,-21,-47,-29,-34,-29,-33,-29,-29,-29,-47,-47,-47,-47,-47,-37,-37,-29,-29,-29,-37,-33,-37,-33,-37,-37,-37,-29,-29,-29,-37,-29,-29,-18,-18,-18,-18,0,-43,-39,-47,-47,-47,-47,-47,-47,-47,-37,-37,-23,-23,-23,-23,0,-23,-18,-28,-28,-28,-10,-11,-9,-9]} 1. e4 c5 2. Nf3 {[%cal Bg1f3,Bf3d4,Bd4b5,Bb5d4][%mdl 32]} e6 3. d4 cxd4 4. Nxd4 Nc6 5. Nc3 Qc7 6. Qd3 {B47: Sicilian: Taimanov: 5 Nc3 Qc7 6 f4, 6 g3 and 6 Be2} Nf6 7. Ndb5 Qb8 8. Qg3 d6 9. Be3 a6 10. Nd4 {LiveBook: 13 Games} Be7 $146 ({Predecessor:} 10... h5 11. f4 h4 12. Qf3 e5 13. Nb3 Bg4 {½-½ (40) Tari,A (2596)-Najer,E (2659) Moscow 2017}) 11. f4 O-O 12. Bd3 Nh5 13. Qf3 Nxf4 14. Qxf4 {[#] And now Qg3 would win.} Nxd4 $1 15. Bxd4 e5 16. Qf2 {Hoping for Nd5.} exd4 17. Nd5 Bg5 18. O-O Be6 (18... Be3 $5 19. Nxe3 dxe3 20. Qxe3 Qc7 $11) 19. Qxd4 Qa7 20. Qxa7 Rxa7 21. a4 Bxd5 22. exd5 a5 23. Rae1 g6 24. Re4 Raa8 25. c3 Kg7 26. Rfe1 (26. Bb5 {with more complications.} Rac8 27. h4 Bf6 28. Kf2 Rc5 29. Rd1) 26... Rac8 27. Rc4 Rxc4 28. Bxc4 $11 {[%mdl 4096] Endgame KRB-KRB} Rc8 29. Bb5 Rc5 30. Rd1 f5 31. Kf2 Bf6 32. Kf3 Be5 33. h3 Rc7 34. Bd3 h5 35. g3 Rc5 36. Be2 Kf6 37. Kg2 Kg5 38. Rd2 Rc7 39. h4+ Kh6 40. Bd3 Rc5 41. Bb5 g5 42. hxg5+ Kxg5 43. Kf3 Rc7 44. Rh2 Rg7 45. Be2 Kh6 46. Rh3 Rg4 47. Kf2 Rg5 48. Bd1 Kg6 49. Bc2 b6 50. Bd3 Rg4 51. Bc2 Kg5 52. Bd1 f4 {[%cal Rf4g3]} 53. gxf4+ Rxf4+ 54. Kg2 h4 55. Re3 Rf8 56. Re4 {[#]} h3+ $1 {[%mdl 512]} 57. Kxh3 Rh8+ 58. Kg2 Rh2+ 59. Kf3 Rxb2 60. Rc4 Rd2 61. Be2 Rxd5 62. Rc6 Rd2 63. Rxb6 Bxc3 64. Rb3 Bb4 65. Rd3 Rb2 66. Bd1 Kf5 67. Bb3 Bc5 (67... Rh2 {keeps more tension.} 68. Rd5+ Kf6 69. Rd3 Rh4 70. Kg3 Rh1) 68. Rd5+ Ke6 69. Rd3+ Kd7 70. Ke4 Re2+ 71. Kf3 Re5 (71... Rh2 {is more complex.} 72. Kg3 Rb2 73. Kf3 Rb1 74. Ke4 Re1+) 72. Bc4 Kc6 73. Bb5+ Kb6 74. Bc4 Rh5 75. Rd5 Rh3+ 76. Ke2 Kc6 77. Rf5 Rh4 78. Bb5+ Kc7 79. Rd5 Kd8 80. Kd3 Ke7 81. Rg5 Rd4+ 82. Kc3 d5 83. Rg6 Rh4 84. Rc6 Rh3+ 85. Kc2 Bb4 86. Ra6 Rc3+ 87. Kb2 d4 88. Rc6 Rh3 {White must now prevent ...d3.} 89. Kc2 Ra3 90. Kb2 Rh3 {...d3 is the strong threat.} 91. Kc2 Bd6 92. Ra6 Rc3+ 93. Kd1 d3 {aiming for ...Bf4.} 94. Kd2 Bb4 95. Bxd3 {Precision: White = 62%, Black = 65%.} 1/2-1/2

[Event "World Team-ch 2017"]
[Site "Khanty-Mansyisk"]
[Date "2017.06.20"]
[Round "4"]
[White "Stupak, Kirill"]
[Black "Vitiugov, Nikita"]
[Result "1/2-1/2"]
[WhiteElo "2564"]
[BlackElo "2720"]
[Annotator "TA"]
[PlyCount "50"]
[EventDate "2017.??.??"]
[EventType "team-tourn"]
[EventCountry "RUS"]
[SourceTitle "playchess.com"]
[Source "ChessBase"]
[SourceQuality "1"]
[WhiteTeam "BLR"]
[BlackTeam "RUS"]
[WhiteTeamCountry "BLR"]
[BlackTeamCountry "RUS"]

{[%evp 9,50,11,32,-8,-16,-8,0,0,16,16,11,0,0,0,0,0,0,0,0,0,0,0,0,0,0,0,2,0,0,0,0,0,0,0,0,0,0,0,0,0,0,0,0]} 1. d4 Nf6 2. c4 e6 3. g3 c5 4. Nf3 {[%cal Bg1f3,Bf3d4,Bd4b3][%mdl 32]} cxd4 5. Nxd4 d5 6. Nb3 $146 {A32: Symmetrical English: 2 Nf3 Nf6 3 d4 cxd4 4 Nxd4 e6} ({Predecessor:} 6. Bg2 e5 7. Nf3 d4 8. O-O Nc6 9. e3 Be7 10. exd4 exd4 11. Bf4 O-O 12. Ne5 Qb6 13. Re1 Be6 14. Nd2 Rac8 15. a3 d3 16. b4 Nxe5 17. c5 Qa6 18. Bxe5 Ng4 19. Bc3 Bf6 20. Qc1 Rfd8 {½-½ (35) Dubov,D (2660)-Nepomniachtchi,I (2751) Sochi 2017}) 6... Bb4+ {The position is equal.} 7. Bd2 dxc4 {[#] Strongly threatening ...a5.} 8. Bxb4 Qxd1+ 9. Kxd1 {Na5 is the strong threat.} Nc6 10. Bc3 {Threatens to win with Nc5.} cxb3 11. axb3 Ne4 12. Ke1 Nxc3 13. bxc3 b6 14. Bg2 Bb7 15. Bxc6+ Bxc6 16. f3 Ke7 17. Kf2 Rhc8 18. c4 a5 19. Nc3 a4 20. Nxa4 Bxa4 21. Rxa4 Rxa4 22. bxa4 Rxc4 $11 {KR-KR} 23. Rb1 Rxa4 24. Rxb6 Kf6 25. h4 Ke5 {Precision: White = 76%, Black = 79%.} 1/2-1/2

[Event "World Team-ch 2017"]
[Site "Khanty-Mansyisk"]
[Date "2017.06.20"]
[Round "4"]
[White "Dastan, Muhammed Batuhan"]
[Black "Gajewski, Grzegorz"]
[Result "1/2-1/2"]
[WhiteElo "2519"]
[BlackElo "2628"]
[Annotator "TA"]
[PlyCount "71"]
[EventDate "2017.??.??"]
[EventType "team-tourn"]
[EventCountry "RUS"]
[SourceTitle "playchess.com"]
[Source "ChessBase"]
[SourceQuality "1"]
[WhiteTeam "TUR"]
[BlackTeam "POL"]
[WhiteTeamCountry "TUR"]
[BlackTeamCountry "POL"]

{[%evp 9,71,29,39,0,3,0,8,-8,10,20,22,15,21,21,33,27,18,27,45,34,27,39,15,0,0,4,0,0,-14,-30,-27,-19,0,0,0,0,0,0,0,0,0,0,0,0,0,0,0,0,4,0,0,0,0,0,0,0,0,0,0,0,0,0,0,0]} 1. e4 c5 2. Nf3 d6 3. d4 cxd4 4. Nxd4 Nf6 5. Nc3 a6 6. h4 {B90: Sicilian Najdorf: Unusual White 6th moves, 6 Be3 Ng4 and 6 Be3 e5} (6. f3 e5 7. Nb3 Be6 8. Be3 h5 9. Qd2 Nbd7 10. Nd5 Bxd5 11. exd5 g6 12. Be2 Bg7 13. O-O b6 14. c4 O-O 15. h3 Nh7 16. g4 hxg4 17. hxg4 Bf6 {½-½ (49) So,W (2815)-Giri,A (2785) chess.com INT 2017}) 6... e5 7. Nb3 Be7 8. Bg5 Nbd7 9. a4 h6 10. Be3 $146 ({Predecessor:} 10. Bd2 Qc7 11. a5 b5 12. axb6 Nxb6 13. Na5 Be6 {0-1 (33) Kostenko,P (2440)-Jumabayev,R (2614) Almaty 2017}) 10... b6 11. g4 Bb7 12. Bg2 Rc8 13. Nd2 Nh7 14. g5 hxg5 15. hxg5 Bxg5 16. Qe2 {Threatening Nc4.} Bxe3 $1 17. Qxe3 Ke7 $1 18. b3 Nhf6 19. Nc4 Rxh1+ 20. Bxh1 {[#]} Rxc4 $1 {[%mdl 512] The position is equal.} 21. bxc4 Qc8 22. Qe2 Nc5 {[%cal Bd7c5,Bc5e6,Be6d4][%mdl 32]} 23. Bg2 Qc7 24. Qe3 Ne6 25. Bf1 Nd4 26. Kd1 Qc5 27. Bd3 Bc8 28. Nd5+ Nxd5 29. cxd5 Bg4+ 30. Kd2 {Threatens to win with Qg5+.} Qb4+ 31. Kc1 {[#] Hoping for Qg5+.} Nb3+ $1 {[%mdl 512]} 32. cxb3 Qc3+ 33. Kb1 Qxb3+ 34. Kc1 Qc3+ 35. Kb1 Qb3+ 36. Kc1 {Precision: White = 74%, Black = 77%.} 1/2-1/2

[Event "World Team-ch 2017"]
[Site "Khanty-Mansyisk"]
[Date "2017.06.20"]
[Round "4"]
[White "Salomon, Johan"]
[Black "Moiseenko, Alexander"]
[Result "0-1"]
[WhiteElo "2501"]
[BlackElo "2675"]
[Annotator "TA"]
[PlyCount "52"]
[EventDate "2017.??.??"]
[EventType "team-tourn"]
[EventCountry "RUS"]
[SourceTitle "playchess.com"]
[Source "ChessBase"]
[SourceQuality "1"]
[WhiteTeam "NOR"]
[BlackTeam "UKR"]
[WhiteTeamCountry "NOR"]
[BlackTeamCountry "UKR"]

{[%evp 9,52,8,8,-9,0,-10,-10,-17,-18,-31,-18,-40,-26,-41,-37,-31,-39,-58,-50,-67,-44,-58,-41,-63,-49,-283,-218,-392,-394,-412,-421,-647,-652,-618,-630,-547,-306,-618,-616,-1058,-1035,-1170,-1117,-1104,-1098]} 1. d4 Nf6 2. Nf3 e6 3. Bf4 Be7 4. c3 (4. c4 O-O 5. Nc3 d5 6. e3 Nbd7 7. Qc2 c5 8. Rd1 Qa5 9. Nd2 cxd4 10. exd4 dxc4 11. Nxc4 Qd8 12. Bd3 Nb6 13. Nxb6 Qxb6 14. O-O Bd7 15. Be5 h6 {1-0 (40) Savchenko,B (2634)-Paravyan,D (2528) Sochi 2017}) 4... c5 5. e3 Nh5 6. Bxb8 {A46: 1 d4 Nf6 2 Nf3 e6: Torre, London and Colle Systems} Rxb8 7. Nbd2 O-O 8. Bd3 {The position is equal.} b6 $146 ({Predecessor:} 8... f5 9. h3 g6 10. g4 Ng7 11. gxf5 Nxf5 {0-1 (20) Danes,J (2269)-Paramzina,A (2221) Marianske Lazne 2017}) 9. g4 Nf6 10. h4 cxd4 11. cxd4 Bb7 12. Rg1 Rc8 13. Qb1 g6 14. h5 {[%cal Rh5g6]} Kg7 (14... Bb4 $5 {[%cal Rb7f3]} 15. Ke2 Qc7 $11) 15. hxg6 fxg6 16. g5 Nd5 {White must now prevent ...Nxe3!} 17. Ne5 $2 (17. Be4 $1 $15) 17... d6 ({Weaker is} 17... Bxg5 {[#]} 18. Bxg6 $1 {[%mdl 512]} Nxe3 19. fxe3 $16) 18. Ng4 $2 (18. Nef3 {might work better.}) 18... Bxg5 $19 19. a3 Bh4 20. Ke2 {[#]} (20. Ne4 $142 h5 21. Qd1) 20... Bxf2 $1 {[%mdl 512]} 21. Ne4 (21. Nxf2 Rxf2+) 21... Bxg1 22. Qxg1 Nf6 23. Ng5 $2 (23. Nexf6 Rxf6 24. Nxf6 Qxf6 25. Rf1) 23... Qe7 {Black is clearly winning.} 24. Qh2 Nh5 25. Qh4 {[#]} Rf5 $1 26. Bxf5 exf5 {Precision: White = 14%, Black = 66%.} 0-1

[Event "World Team-ch 2017"]
[Site "Khanty-Mansyisk"]
[Date "2017.06.20"]
[Round "4"]
[White "Farahat, Ali"]
[Black "Wen, Yang"]
[Result "1/2-1/2"]
[WhiteElo "2402"]
[BlackElo "2617"]
[Annotator "TA"]
[PlyCount "76"]
[EventDate "2017.??.??"]
[EventType "team-tourn"]
[EventCountry "RUS"]
[SourceTitle "playchess.com"]
[Source "ChessBase"]
[SourceQuality "1"]
[WhiteTeam "EGY"]
[BlackTeam "CHN"]
[WhiteTeamCountry "EGY"]
[BlackTeamCountry "CHN"]

{[%evp 18,76,24,22,34,7,16,11,20,-15,-16,-25,8,8,26,8,16,10,8,0,29,0,19,-15,-19,-30,-25,-26,-34,-32,-14,-64,-57,-94,-14,-14,-13,-15,-5,-66,-24,-33,-25,-37,-31,-23,-31,-44,-44,-48,0,0,0,0,0,0,0,0,0,0,0]} 1. e4 e5 2. Nf3 Nc6 3. Nc3 Nf6 4. Bb5 Bb4 5. O-O O-O 6. d3 Bxc3 7. bxc3 d6 8. Bg5 a6 9. Ba4 Qe7 10. Re1 Nd8 {C49: Four Knights: 4 Bb5 Bb4} 11. d4 (11. Nd2 h6 12. Bh4 Ne6 13. Nf1 Nc5 14. Bb3 Nxb3 15. cxb3 g5 16. Bg3 Bg4 17. Qd2 Nh5 18. Ne3 {½-½ (75) Gundavaa,B (2485)-Nguyen,N (2632) Chengdu 2017}) 11... Ne6 12. Bh4 $146 ({Predecessor:} 12. Bc1 b5 13. Bb3 Bb7 14. Ba3 c5 15. dxe5 Nxe4 16. exd6 Qf6 17. Bxe6 fxe6 18. Qe2 Qxc3 {½-½ (34) Cunha,L (2313)-Saldano Dayer,H (2416) Monte Grande 2016}) 12... Nf4 13. Nd2 Ng6 14. Bg3 Be6 15. Bb3 c5 16. Bxe6 Qxe6 17. a4 cxd4 18. cxd4 exd4 19. Nf3 Rfe8 ({But not} 19... Nxe4 $6 {[#]} 20. Ng5 $1 $16 {[%mdl 512]}) 20. Qxd4 Rac8 21. Qb6 Nxe4 22. Qxb7 Qc4 23. a5 h6 24. Qb6 (24. Rad1 $5 {[%cal Rd1d4]} Re7 25. Qb3 $15) 24... f5 ({Don't play} 24... Qxc2 $6 25. Qxa6 f5 26. Qe2 $11) 25. h4 {[%cal Bh2h4,Bh4h5][%mdl 32]} Kh7 (25... f4 $17 26. Bh2 Qxc2) 26. h5 $11 Ne7 {[%cal Bg6e7,Be7d5,Bd5f6,Bf6e4][%mdl 32]} 27. Rad1 Nd5 28. Qd4 (28. Qb3 $1 $11 Ndc3 29. Rd3) 28... Ndf6 (28... Qxd4 {looks sharper.} 29. Nxd4 f4 30. Bh2 Nec3 31. Rxe8 Rxe8 32. Ra1 Re4) 29. Qxc4 Rxc4 30. Nd2 Rxc2 31. Nxe4 Rxe4 32. Rxe4 Nxe4 $15 {[%mdl 4096] Endgame KRB-KRN} 33. Bh4 Rc5 {And now ...f4 would win.} 34. f3 {The position is equal.} Ng5 35. Rxd6 {[#] Hoping for Bxg5.} Rxa5 36. Bxg5 hxg5 37. Kh2 Ra4 38. Rg6 Rh4+ {Precision: White = 42%, Black = 47%.} 1/2-1/2

[Event "World Team-ch 2017"]
[Site "Khanty-Mansyisk"]
[Date "2017.06.20"]
[Round "4"]
[White "Ameir, Moheb"]
[Black "Wei, Yi"]
[Result "0-1"]
[WhiteElo "2399"]
[BlackElo "2728"]
[Annotator "TA"]
[PlyCount "66"]
[EventDate "2017.??.??"]
[EventType "team-tourn"]
[EventCountry "RUS"]
[SourceTitle "playchess.com"]
[Source "ChessBase"]
[SourceQuality "1"]
[WhiteTeam "EGY"]
[BlackTeam "CHN"]
[WhiteTeamCountry "EGY"]
[BlackTeamCountry "CHN"]

{[%evp 22,66,0,0,0,9,16,0,14,9,16,-13,-29,-19,-34,-99,-97,-97,-97,-101,-91,-236,-212,-252,-275,-266,-273,-253,-238,-272,-251,-328,-260,-266,-269,-261,-244,-276,-272,-468,-448,-577,-574,-556,-552,-733,-715]} 1. e4 c5 2. Nf3 d6 3. d4 cxd4 4. Nxd4 Nf6 5. Nc3 a6 6. h3 e5 7. Nde2 h5 {B90: Sicilian Najdorf: Unusual White 6th moves, 6 Be3 Ng4 and 6 Be3 e5} 8. Bg5 Be6 9. Bxf6 Qxf6 10. Nd5 Qd8 11. Qd3 Nd7 12. O-O-O {LiveBook: 15 Games} g6 13. Kb1 {[#]} Bh6 $146 ({Predecessor:} 13... Nc5 14. Qa3 Bxd5 15. Rxd5 {1-0 (41) Salem,A (2652)-Areshchenko,A (2682) Sharjah 2017}) 14. g3 Nc5 15. Qa3 b5 (15... O-O $5 {[%cal Rc5e4]} 16. Bg2 h4 $11) 16. Nec3 O-O 17. Be2 Rb8 18. b4 (18. Rh2 $15) 18... a5 $17 19. Ka1 axb4 20. Qxb4 Na6 21. Qb3 {[#]} (21. Qa3 $17 Nc5 22. Qb4) 21... Qa5 $1 $19 22. g4 h4 23. g5 Bxg5 24. Rhg1 Nc5 25. Qb4 Bd8 26. Bg4 Bxd5 27. Qxa5 Bxa5 28. Nxd5 Nxe4 29. Bf5 Nc3 ({Not} 29... Nxf2 30. Rdf1 $15) 30. Nf6+ $2 {[#]} (30. Nxc3 Bxc3+ 31. Kb1) 30... Kh8 {Black is clearly winning.} 31. Rxd6 {intending Rg4.} Rb6 (31... gxf5 32. Nd7 $17) 32. Rxb6 Bxb6 33. Nd7 Ra8 {Precision: White = 23%, Black = 78%.} ({Weaker is} 33... gxf5 34. Nxf8 Bd4 35. Rg2 $19) 0-1